Statistics for Green Day Album Covers

Click here to take the quiz!

General Stats

  • This quiz has been taken 67 times
  • The average score is 12 of 14

Answer Stats

Answer% Correct
American Idiot
100%
Dookie
100%
Nimrod
94%
¡Dos!
91%
¡Tré!
91%
¡Uno!
91%
21st Century Breakdown
87%
Kerplunk!
87%
Warning
87%
Revolution Radio
81%
Insomniac
78%
Father of All...
74%
Saviors
72%
39/Smooth
56%

Score Distribution

Percentile by Number Answered

Percent of People with Each Score

Your Score History

You have not taken this quiz